00682nam a22002057a 4500003000500000005001700005008004100022010001000063011001000073035001000083040000900093110008000102245007100182260004700253300002900300490004500329650003700374650002000411830004500431CHAP20220329135819.0971013s1977 r 00010 d a42692 a43664 a47800 cCHAP aMéxico. Dirección General de Unidades de Riego para el Desarrollo Rural aFallas, causas y ... soluciones de equipos de combustión interna aMéxico, D.F. :bLa Dirección,c(1977?) aHoja desplegableb: ilus aFolleto de orientación técniav; 1-B14aMotores de combustión interna.14aMotores diesel.0 aFolleto de orientación técniav; 1-B